00000000nam##2200000za#4500
0019.676503
003CaOODSP
00520210624225908
007cr |||||||||||
008150407|1988||||xxc|||||o    f|0| 0 eng|d
040 |aCaOODSP|beng
041 |aeng
041 |afre
043 |an-cn---
0861 |aCS95-153/1988-PDF
24500|aSaskatoon : part 1 |h[electronic resource]
2461 |iAt head of title : |aCensus tracts
260 |aOttawa - Ontario : |bStatistics Canada |c1988.
300 |a116p.|btables
590 |a13-12-Supp|b2013-05-10
7102 |aStatistics Canada.
792 |tSaskatoon : partie 1 |efre|w(CaOODSP)9.676504
85640|ahttp://publications.gc.ca|qPDF|s6.2 MB|uhttps://publications.gc.ca/collections/collection_2013/statcan/rh-hc/CS95-153-1988.pdf